| 000 -LEADER |
| fixed length control field |
nam a22 a 4500 |
| 003 - CONTROL NUMBER IDENTIFIER |
| control field |
AKMAL |
| 005 - DATE AND TIME OF LATEST TRANSACTION |
| control field |
20170512160036.0 |
| 008 - FIXED-LENGTH DATA ELEMENTS--GENERAL INFORMATION |
| fixed length control field |
170512s2006 my | e | 000 s may d |
| 020 ## - INTERNATIONAL STANDARD BOOK NUMBER |
| International Standard Book Number |
9679933598 (kkt.) : |
| Terms of availability |
RM30.00 |
| 040 ## - CATALOGING SOURCE |
| Original cataloging agency |
AKMAL |
| 082 04 - DEWEY DECIMAL CLASSIFICATION NUMBER |
| Classification number |
352.63595 ABD |
| Edition number |
22 |
| 090 00 - LOCALLY ASSIGNED LC-TYPE CALL NUMBER (OCLC); LOCAL CALL NUMBER (RLIN) |
| Classification number (OCLC) (R) ; Classification number, CALL (RLIN) (NR) |
352.63595 |
| Local cutter number (OCLC) ; Book number/undivided call number, CALL (RLIN) |
ABD |
| 100 0# - MAIN ENTRY--PERSONAL NAME |
| Personal name |
Abdul Halim Ali, |
| Titles and words associated with a name |
Tan Sri |
| 9 (RLIN) |
545 |
| 245 10 - TITLE STATEMENT |
| Title |
Ke arah kecemerlangan dan kesejahteraan perkhidmatan awam di alaf baru = |
| Remainder of title |
towards an excellent and caring public service for the next millennium : selected speeches of Tan Sri Abdul Halim Ali, Chief Secretary to the government, Malaysia / |
| Statement of responsibility, etc. |
Abdul Halim Ali |
| 246 31 - VARYING FORM OF TITLE |
| Title proper/short title |
Towards an excellent and caring public service for the next millennium : |
| Remainder of title |
selected speeches of Tan Sri Abdul Halim Ali, Chief Secretary to the government, Malaysia |
| 260 ## - PUBLICATION, DISTRIBUTION, ETC. |
| Place of publication, distribution, etc. |
Kuala Lumpur : |
| Name of publisher, distributor, etc. |
Institut Tadbiran Awam Negara, |
| Date of publication, distribution, etc. |
2006 |
| 300 ## - PHYSICAL DESCRIPTION |
| Extent |
xviii, 251ms. ; |
| Dimensions |
21cm. |
| 650 10 - SUBJECT ADDED ENTRY--TOPICAL TERM |
| Topical term or geographic name entry element |
Civil service |
| Geographic subdivision |
Malaysia |
| 9 (RLIN) |
420 |
| 650 20 - SUBJECT ADDED ENTRY--TOPICAL TERM |
| Topical term or geographic name entry element |
ISO 9000 Series Standards |
| 9 (RLIN) |
546 |
| 650 20 - SUBJECT ADDED ENTRY--TOPICAL TERM |
| Topical term or geographic name entry element |
Quality assurance |
| Geographic subdivision |
Malaysia |
| 9 (RLIN) |
547 |
| 650 20 - SUBJECT ADDED ENTRY--TOPICAL TERM |
| Topical term or geographic name entry element |
Information technology |
| Geographic subdivision |
Malaysia |
| 9 (RLIN) |
542 |
| 650 20 - SUBJECT ADDED ENTRY--TOPICAL TERM |
| Topical term or geographic name entry element |
Civil service reform |
| Geographic subdivision |
Malaysia |
| 9 (RLIN) |
540 |
| 650 20 - SUBJECT ADDED ENTRY--TOPICAL TERM |
| Topical term or geographic name entry element |
Speeches, addresses, etc. |
| 9 (RLIN) |
54 |
| 942 ## - ADDED ENTRY ELEMENTS (KOHA) |
| Source of classification or shelving scheme |
|
| Koha item type |
Book |